| 000 | 00774nam a2200253 i 4500 | ||
|---|---|---|---|
| 003 | DO-SdBNP | ||
| 005 | 20250220140135.0 | ||
| 007 | ta | ||
| 008 | 250220s1991 dr a r 000 0 spa d | ||
| 040 |
_aDO-SdBNP _bspa _cBNPHU _erda |
||
| 082 | 4 |
_axx _bC334e _222 |
|
| 100 | 1 |
_aCasado M., Lucio _936878 _eautor _4aut. |
|
| 245 | 1 | 0 |
_aPrincipios de economía / _cLucio Casado. |
| 250 | _aCuarta edición | ||
| 264 | 1 |
_aSanto Domingo : _bEditorial Rex, _bEditora de Colores, _c1991. |
|
| 300 |
_a347 páginas _bilustraciones _c21 cm. |
||
| 336 |
_atexto _btxt _2rdacontent |
||
| 337 |
_asin mediación _bn _2rdamedia |
||
| 338 |
_avolumen _bnc _2rdacarrier |
||
| 504 | _aBibliografía : p. 346-347. | ||
| 590 | _aInventariado, 2025/ YL | ||
| 910 | _aYLockward | ||
| 942 |
_2ddc _cLBS1 |
||
| 999 |
_c58158 _d58158 |
||